LEADER 00972nam0 22002771i 450 001 UON00340744 005 20231205104258.95 100 $a20091026d1947 |0itac50 ba 101 $aita 102 $aIT 105 $a|||| 1|||| 200 1 $aShakespeare$fMario Apollonio 205 $a2a ed 210 $aBergamo$cMorcelliana$d1947 215 $a180 p.$d19cm. 606 $aShakespeare William$3UONC038333$2FI 620 $aIT$dBergamo$3UONL000244 676 $a822.33$cLetteratura drammatica inglese. William Shakespeare$v21 700 1$aAPOLLONIO$bMario$3UONV096283$0158403 712 $aMorcelliana$3UONV249885$4650 801 $aIT$bSOL$c20250704$gRICA 899 $aSIBA - SISTEMA BIBLIOTECARIO DI ATENEO$2UONSI 912 $aUON00340744 950 $aSIBA - SISTEMA BIBLIOTECARIO DI ATENEO$dSI Angl II SHA 3 b APO $eSI MR 18452 5 996 $aShakespeare$9482277 997 $aUNIOR